000 00297nam a2200133Ia 4500
005 20260326235440.0
008 260326s9999||||xx |||||||||||||| ||und||
100 _aMayne, Thom
245 0 _aMorphosis /
_cThom Mayne
260 _bPhaidon
300 _a287 p.
650 _aARQUITECTOS
942 _cBK
999 _c7360
_d7360